| 000 | 00568nam a2200193Ia 4500 | ||
|---|---|---|---|
| 003 | IN-BaIIA | ||
| 008 | 211028s9999 xx 000 0 eng d | ||
| 040 | _cIIA Library | ||
| 080 |
_a521.1 _bGEY |
||
| 100 |
_aGeyling, Franz T _910746 |
||
| 245 | 0 |
_aIntroduction to orbital mechanics _cFranz T. Geyling and H. Robert Westerman. |
|
| 260 |
_aReading _bAddison-Wesley _c1971 |
||
| 300 | _axv, 349p. | ||
| 650 | _aAstronomy and astrophysics thesaurus | ||
| 650 | _aCelestial mechanics | ||
| 650 |
_aOrbits _92312 |
||
| 700 |
_aWesterman, H. Robert _910747 |
||
| 942 | _cBK | ||
| 999 |
_c6254 _d6254 |
||